00829nam a22002297a 4500003001100000005001700011008004100028020001500069040003900084041000800123082001500131100002500146245014300171260005300314300004200367650002600409650002800435650002400463942000700487952009000494999001500584LK-CoMWRAF20240113163042.0231224b1997 |||||||| |||| 00| 0 eng d a9559102133 aLK-CoMWRAFdLK-CoMWRAFeLK-CoMWRAF aeng a338.6bSHA a Shanmugaratnam, N.  aPrivatisation of tea plantations : bthe challenge of reforming production relations in Sri Lanka, an institutional historical perspective aColombo:bSocial Scientists' Association, c1997 a 52 p. ; 23 cmbBibliography included aPLANTATIONS-Sri Lanka aPrivatization-Sri Lanka aTea trade-Sri Lanka cBK 00104070aMAINbMAINd2023-12-24l0o338.6 SHApRAF4611r2023-12-24w2023-12-24yBK c4551d4551